000 00660cam a22002293a 4500
001 13172
003 PGUSA
005 20140828083302.0
008 040813s2004||||xxu|||||s|||||000 | eng d
040 _aPGUSA
_beng
042 _adc
050 4 _aHV
100 1 _aTrain, Arthur Cheney,
_d1875-1945
245 1 0 _aTrue Stories of Crime From the District Attorney's Office
_h[electronic resource] /
_cArthur Cheney Train
260 _bProject Gutenberg,
_c2004
506 _aPublic domain in the USA.
516 _aElectronic text
653 _aCrime
830 0 _aProject Gutenberg
_v13172
856 4 0 _uhttp://www.gutenberg.org/ebooks/13172
942 _cEB
999 _c242427
_d242427